| 000 | 01100cam a22002534a 4500 | ||
|---|---|---|---|
| 999 |
_c128113 _d128113 |
||
| 001 | 11970777 | ||
| 003 | ARRUPE | ||
| 005 | 20180906105653.0 | ||
| 008 | 000411s2001 mau b 001 0 eng | ||
| 010 | _a 00039772 | ||
| 020 | _a1557869103 (alk. paper) | ||
| 040 |
_aDLC _cDLC _dDLC |
||
| 042 | _apcc | ||
| 050 | 0 | 0 |
_aGE40 _b.C66 2000 |
| 082 | 0 | 0 |
_a363.7/001 _221 |
| 245 | 0 | 2 |
_aA companion to environmental philosophy / _cedited by Dale Jamieson. |
| 260 |
_aMalden, Mass. : _bBlackwell, _c2001. |
||
| 300 |
_axvi, 531 p. ; _c26 cm. |
||
| 440 | 0 |
_aBlackwell companions to philosophy _93342 |
|
| 504 | _aIncludes bibliographical references and index. | ||
| 650 | 0 |
_aEnvironmental sciences _xPhilosophy. _916919 |
|
| 700 | 1 |
_aJamieson, Dale. _936077 |
|
| 906 |
_a7 _bcbc _corignew _d1 _eocip _f20 _gy-gencatlg |
||
| 942 |
_2lcc _cMONOGRAPH |
||